Régions de France métropolitaine par drapeau - Statistiques

Statistiques générales
  • Ce quiz a été pris 115 fois
  • Le résultat moyen est 11 sur 13
Statistiques - réponses
Par images Réponse % Correct
Corse
100%
Bretagne
99%
Ile-de-France
92%
Normandie
91%
Occitanie
91%
Provence-Alpes Cote-d'Azur
90%
Grand Est
89%
Auvergne Rhone-Alpes
85%
Centre Val-de-Loire
82%
Nouvelle-Aquitaine
82%
Pays de la Loire
81%
Bourgogne Franche-Comté
80%
Hauts de France
80%
Aucun quiz correspondant
Distribution des résultats
% des personnes avec chaque résultat
Percentile par nombre de réponses
Votre historique - résultats
Vous n’avez pas pris ce quiz